Leadership and the one minute manager : increasing effectiveness through situational leadership
This book provides a priceless guide to creative, personalized leadership that elicits the best performance from your staff and the best bottom line for any business
Salvato in:
| Autore principale: | |
|---|---|
| Natura: | Libro |
| Lingua: | Undetermined |
| Pubblicazione: |
New York
Morrow
c1985
|
| Soggetti: | |
| Tags: |
Aggiungi Tag
Nessun Tag, puoi essere il primo ad aggiungerne! !
|
| Thư viện lưu trữ: | Trung tâm Học liệu Trường Đại học Cần Thơ |
|---|
| LEADER | 00830nam a2200217Ia 4500 | ||
|---|---|---|---|
| 001 | CTU_23922 | ||
| 008 | 210402s9999 xx 000 0 und d | ||
| 020 | |c 15.00 | ||
| 082 | |a 658.4 | ||
| 082 | |b B639 | ||
| 100 | |a Blanchard, Kenneth H | ||
| 245 | 0 | |a Leadership and the one minute manager : | |
| 245 | 0 | |b increasing effectiveness through situational leadership | |
| 245 | 0 | |c Kenneth Blanchard, Patricia Zigarmi, Drea Zigarmi | |
| 260 | |a New York | ||
| 260 | |b Morrow | ||
| 260 | |c c1985 | ||
| 520 | |a This book provides a priceless guide to creative, personalized leadership that elicits the best performance from your staff and the best bottom line for any business | ||
| 650 | |a Management,Quản lý,Lãnh đạo,Leadership | ||
| 904 | |i Phượng, Mai | ||
| 980 | |a Trung tâm Học liệu Trường Đại học Cần Thơ | ||